Trigonometry (Record no. 7609)
[ view plain ]
| 000 -LEADER | |
|---|---|
| fixed length control field | 00671 a2200217 4500 |
| 020 ## - INTERNATIONAL STANDARD BOOK NUMBER | |
| International Standard Book Number | 0669417378 |
| 035 ## - SYSTEM CONTROL NUMBER | |
| System control number | (InU)AKY9645SE |
| 035 ## - SYSTEM CONTROL NUMBER | |
| System control number | (OCoLC)ocm37515154 |
| 040 ## - CATALOGING SOURCE | |
| Original cataloging agency | DLC |
| 082 04 - DEWEY DECIMAL CLASSIFICATION NUMBER | |
| Classification number | 516.242 |
| 100 1# - MAIN ENTRY--PERSONAL NAME | |
| Personal name | Larson, Ron, |
| 245 10 - TITLE STATEMENT | |
| Title | Trigonometry |
| Statement of responsibility, etc. | Roland E. Larson, Robert P. Hostetler ; with the assistance of David E. Heyd. |
| 250 ## - EDITION STATEMENT | |
| Edition statement | 4th ed. |
| 260 ## - PUBLICATION, DISTRIBUTION, ETC. | |
| Place of publication, distribution, etc. | Boston : |
| Name of publisher, distributor, etc. | Houghton Mifflin, |
| Date of publication, distribution, etc. | c1997 |
| 300 ## - PHYSICAL DESCRIPTION | |
| Extent | xxiv, 506, 146 p. : |
| Other physical details | ill. (some col.) ; |
| Dimensions | 24 cm. + |
| Accompanying material | instructor's annotated edition. |
| 500 ## - GENERAL NOTE | |
| General note | Includes indexes. |
| 650 #0 - SUBJECT ADDED ENTRY--TOPICAL TERM | |
| Topical term or geographic name entry element | Trigonometry. |
| 700 1# - ADDED ENTRY--PERSONAL NAME | |
| Personal name | Hostetler, Robert P. |
| 700 1# - ADDED ENTRY--PERSONAL NAME | |
| Personal name | Heyd, David E. |
| 942 ## - ADDED ENTRY ELEMENTS (KOHA) | |
| Koha item type | Book |
| Call number prefix | 516.242 LAR |
| Source of classification or shelving scheme | |
| Withdrawn status | Lost status | Damaged status | Not for loan | Collection code | Permanent Location | Current Location | Shelving location | Date acquired | Source of acquisition | Total Checkouts | Full call number | Barcode | Date last seen | Price effective from | Koha item type |
|---|---|---|---|---|---|---|---|---|---|---|---|---|---|---|---|
| Central Library (CL) | Central Library (CL) | General Stacks | 11/07/2001 | Donation | 516.242 LAR | SEECS001454 | 01/03/2025 | 01/05/2017 | Book |
